Countries Containing "O" In Their Name - Statistics

General Stats
  • This quiz has been taken 121 times
    112 since last reset
  • The average score is 35 of 54
Answer Stats
Country % Correct
Poland
92%
South Korea
92%
Andorra
86%
North Korea
86%
Norway
86%
Portugal
86%
South Africa
86%
United Kingdom
84%
South Sudan
82%
Colombia
81%
Bosnia and Herzegovina
78%
Dominican Republic
78%
North Macedonia
78%
Slovakia
77%
Slovenia
77%
Bolivia
76%
Croatia
76%
Dominica
76%
Honduras
76%
Sao Tome and Principe
72%
Estonia
71%
Romania
71%
Ecuador
67%
Luxembourg
67%
Somalia
67%
Mongolia
65%
Tonga
65%
Cambodia
62%
Cameroon
62%
Indonesia
62%
Costa Rica
59%
Laos
59%
United States of America
59%
El Salvador
58%
Moldova
58%
Gabon
57%
Botswana
56%
Equatorial Guinea
56%
Georgia
56%
Angola
54%
Barbados
54%
Comoros
53%
Mozambique
52%
Singapore
52%
East Timor
49%
Ethiopia
49%
Fed. States of Micronesia
48%
Jordan
48%
Samoa
47%
Sierra Leone
47%
Lebanon
43%
Djibouti
42%
Ivory Coast
39%
Solomon Islands
38%
No matching quizzes found
Score Distribution
Percent of People with Each Score
Percentile by Number Answered
Your Score History
You have not taken this quiz since the last reset